000 00405nam a2200169Ia 4500
008 230718s9999 xx 000 0 und d
041 _aeng
082 _a621.382'5
_bROD
100 _aRoddy D.
245 _aSatellite Communications
250 _a2nd ed.
260 _c1995
_bMcgraw Hill
300 _a516
365 _cRs.
_b758.00
700 _aRoddy D.
906 _dB:666418-Dec-1999
_cETC
_b113.7
999 _c299721
_d299721